|
|
|
|
| LEADER |
00000nam a2200000 a 4500 |
| 001 |
vtls001473478 |
| 003 |
SK-MaSNL |
| 005 |
20260301014850.0 |
| 008 |
160624s2004 xo 0 und |
| 035 |
|
|
|a SNK000428780
|
| 040 |
|
|
|a SNK
|b slo
|c SNK
|e AACR2
|
| 044 |
|
|
|a xo
|c SK
|
| 245 |
1 |
|
|a STN EN 61347-2-6 Ovládacie zariadenia svetelných zdrojov
|n časť 2-6:
|p osobitné požiadavky na elektronické predradníky napájané jednosmerným prúdom na osvetlenie lietadiel
|
| 250 |
|
|
|a [1.vyd.]
|
| 260 |
|
|
|a Bratislava
|b Slovenský ústav technickej normalizácie
|c 2002
|
| 500 |
|
|
|a Táto norma nahrádza odiel 5 STN EN 60924 (36 0597) z mája 1995
|
| 655 |
|
7 |
|a normy
|2 SNK
|9 70643
|
| 999 |
|
|
|c 559402
|d 561332
|
| 952 |
|
|
|t P60, <03>, [BOOK], {603}
|a SNK
|b SNK
|y PREZ
|7 0
|p 17A0412891
|o snkSTN EN 61347-2-6
|i snkN 1743/2004
|0 0
|1 0
|4 0
|d 2004-04-20
|l 0
|r 2005-01-02 00:00:00
|w 2026-02-23
|
| 952 |
|
|
|t P66, <07>, [BOOK], {667}
|a SNK
|b SNK
|y PREZ
|7 0
|p 17A0412890
|o snkSTN EN 61347-2-6 D1
|i snkN 1744/2004
|0 0
|1 0
|4 0
|d 2004-04-20
|l 0
|r 2005-01-02 00:00:00
|w 2026-02-23
|